[Event "26.ChessOrg Schachfestival"]
[Site "Bad Woerishofen"]
[Date "2010.03.11"]
[Round "6.19"]
[White "Sakowski, Christian"]
[Black "Gulde, Josef"]
[Result "1-0"]
[WhiteElo "1917"]
[BlackElo "2029"]
[PlyCount "75"]
[EventDate "2010.??.??"]

1. d4 d5 2. Nf3 c6 3. c3 Nf6 4. Bf4 Bf5 5. e3 Qb6 6. Qb3 Nbd7 7. Nbd2 e6 8. h3
Be7 9. Be2 Rc8 10. O-O O-O 11. Ne5 Nxe5 12. Bxe5 Nd7 13. Bg3 c5 14. Nf3 c4 15.
Qxb6 Nxb6 16. Bd1 Bd3 17. Re1 f6 18. Rc1 Rc6 19. Bc2 Bxc2 20. Rxc2 Na4 21. e4
Rd8 22. exd5 Rxd5 23. Bf4 Rb5 24. Bc1 Kf7 25. Nh2 Bd8 26. Nf1 Bc7 27. g3 e5 28.
dxe5 Rxe5 29. Rxe5 Bxe5 30. Ne3 b5 31. Ng2 a5 32. Bf4 Rd6 33. Bxe5 Rd1+ 34. Kh2
fxe5 35. b3 Nc5 36. bxc4 bxc4 37. Ne3 Kf6 38. Nxd1 1-0

[Event "26.ChessOrg Schachfestival"]
[Site "Bad Woerishofen"]
[Date "2010.03.11"]
[Round "6.34"]
[White "Spanton, Tim"]
[Black "Pluemer, Detlef"]
[Result "1/2-1/2"]
[WhiteElo "2030"]
[BlackElo "2183"]
[PlyCount "110"]
[EventDate "2010.??.??"]

1. e4 e6 2. d3 d5 3. Nd2 Nf6 4. Ngf3 c5 5. g3 Nc6 6. Bg2 Be7 7. O-O O-O 8. Re1
b5 9. e5 Nd7 10. Nf1 a5 11. h4 a4 12. N1h2 b4 13. Bf4 a3 14. b3 Na7 15. Ng5 Qe8
16. Qh5 h6 17. Ngf3 f5 18. Qxe8 Rxe8 19. h5 Rf8 20. Nf1 Nb5 21. Ne3 Ra7 22. Nh4
Bxh4 23. gxh4 Nb6 24. Bf3 Bd7 25. Ng2 Rc7 26. Bd2 d4 27. Nf4 Bc6 28. Kg2 Re8
29. Rg1 Kh7 30. Rae1 Bxf3+ 31. Kxf3 Rce7 32. Rg6 Nc7 33. Reg1 Nbd5 34. Nxd5
Nxd5 35. Ke2 Rf8 36. f4 Rc8 37. Rd1 Rg8 38. Rdg1 Nb6 39. Kf3 Nd7 40. Be1 Nf8
41. R6g2 Re8 42. Bf2 g6 43. Be1 Rg7 44. hxg6+ Rxg6 45. Rxg6 Nxg6 46. h5 Ne7 47.
Bd2 Rg8 48. Rxg8 Kxg8 49. Kg3 Nd5 50. Kf3 Kf7 51. Kf2 Ke8 52. Kf3 Ke7 53. Kf2
Nc7 54. Kg3 Kd7 55. Kf3 Nd5 1/2-1/2

[Event "26.ChessOrg Schachfestival"]
[Site "Bad Woerishofen"]
[Date "2010.03.11"]
[Round "6.8"]
[White "Szablowski, Pawel"]
[Black "Romanishin, Oleg"]
[Result "1/2-1/2"]
[WhiteElo "2298"]
[BlackElo "2513"]
[PlyCount "131"]
[EventDate "2010.??.??"]

1. e4 e5 2. Nf3 Nc6 3. Bb5 a6 4. Ba4 Nf6 5. O-O Be7 6. Re1 b5 7. Bb3 d6 8. c3
O-O 9. h3 Na5 10. Bc2 c5 11. d4 Nd7 12. d5 Re8 13. Nbd2 Nf8 14. a4 Bd7 15. b4
Nb7 16. Nf1 Ng6 17. Be3 Qc7 18. Qd2 Rec8 19. Rec1 Qd8 20. Ng3 a5 21. axb5 Bxb5
22. Ba4 Bxa4 23. Rxa4 Qe8 24. Raa1 cxb4 25. cxb4 Rxc1+ 26. Rxc1 a4 27. Ne2 a3
28. Nc3 Qd7 29. Ra1 f5 30. Qd3 Bf6 31. Nb1 a2 32. Nc3 Nf4 33. Bxf4 exf4 34.
Rxa2 Rxa2 35. Nxa2 Qa4 36. Qc4 fxe4 37. Qxe4 h6 38. Qc4 Nc5 39. Nc1 Bb2 40. Ne2
Ba3 41. Nxf4 Qxb4 42. Qxb4 Bxb4 43. Nd4 Ne4 44. Nd3 Ba5 45. Kf1 g6 46. f3 Nf6
47. Nc6 Bb6 48. Ncb4 Kf7 49. Ke2 g5 50. Kd2 Ba5 51. Ke3 Bb6+ 52. Ke2 h5 53. g4
hxg4 54. hxg4 Kg6 55. Kd2 Ba5 56. Kc2 Nd7 57. Nc6 Bb6 58. Kb3 Bg1 59. Kc3 Nb6
60. Ndb4 Kf6 61. Kd3 Bc5 62. Ke4 Nc4 63. f4 gxf4 64. Kxf4 Be3+ 65. Kf3 Bb6 66.
Kf4 1/2-1/2

[Event "26.ChessOrg Schachfestival"]
[Site "Bad Woerishofen"]
[Date "2010.03.11"]
[Round "6.13"]
[White "Tennstedt, Andreas Dr"]
[Black "Espig, Lutz"]
[Result "1/2-1/2"]
[WhiteElo "2199"]
[BlackElo "2380"]
[PlyCount "61"]
[EventDate "2010.??.??"]

1. c4 c5 2. Nf3 Nf6 3. d4 cxd4 4. Nxd4 g6 5. Nc3 Nc6 6. e4 Bg7 7. Nc2 d6 8. Be2
O-O 9. Be3 Bd7 10. Qd2 Qa5 11. f3 Rfc8 12. Rb1 Ne5 13. Na3 Qd8 14. O-O Be6 15.
Nd5 Nxd5 16. cxd5 Bd7 17. Rbc1 f5 18. f4 Ng4 19. Bxg4 fxg4 20. Rxc8 Qxc8 21.
Rc1 Qd8 22. g3 b5 23. b3 a6 24. Kg2 Rc8 25. Rc2 Kf7 26. Kf2 Rxc2 27. Nxc2 Qc7
28. Nd4 Qb7 29. Qc2 Qc8 30. Qxc8 Bxc8 31. Ke2 1/2-1/2

[Event "26.ChessOrg Schachfestival"]
[Site "Bad Woerishofen"]
[Date "2010.03.11"]
[Round "6.55"]
[White "Tourkolias, Dimitris"]
[Black "Von Saldern, Ruediger"]
[Result "1/2-1/2"]
[WhiteElo "1794"]
[BlackElo "2033"]
[PlyCount "57"]
[EventDate "2010.??.??"]

1. e4 e5 2. f4 exf4 3. Nf3 Ne7 4. d4 d5 5. Nc3 dxe4 6. Nxe4 Ng6 7. h4 h5 8. Bc4
Be6 9. Bxe6 fxe6 10. Qe2 Qd5 11. Neg5 e5 12. Nxe5 Nxe5 13. Bxf4 Nbc6 14. Bxe5
O-O-O 15. c4 Bb4+ 16. Kf1 Rhf8+ 17. Nf3 Qf7 18. a3 Nxe5 19. dxe5 Bc5 20. b4 Be7
21. c5 Qf4 22. c6 Rd2 23. cxb7+ Kb8 24. Qe1 Rxg2 25. Kxg2 Qxf3+ 26. Kh2 Qf4+
27. Qg3 Qd2+ 28. Kh3 Qd7+ 29. Kh2 1/2-1/2

[Event "26.ChessOrg Schachfestival"]
[Site "Bad Woerishofen"]
[Date "2010.03.11"]
[Round "6.20"]
[White "Waldschmidt, Georg"]
[Black "Schweizer, Manfred"]
[Result "1/2-1/2"]
[WhiteElo "2227"]
[BlackElo "2130"]
[PlyCount "28"]
[EventDate "2010.??.??"]

1. e4 d6 2. d4 Nf6 3. Nc3 g6 4. g4 Bg7 5. Nf3 O-O 6. Be3 b6 7. Qd2 c5 8. dxc5
bxc5 9. O-O-O Nc6 10. e5 Nxg4 11. Bb5 Nxe3 12. Qxe3 Bb7 13. h4 Nd4 14. h5 Bxf3
1/2-1/2

[Event "26.ChessOrg Schachfestival"]
[Site "Bad Woerishofen"]
[Date "2010.03.11"]
[Round "6.40"]
[White "Weisenburger, Horst"]
[Black "Buchaeckert, Juergen"]
[Result "1-0"]
[WhiteElo "2177"]
[BlackElo "1994"]
[PlyCount "57"]
[EventDate "2010.??.??"]

1. f4 d5 2. Nf3 Nf6 3. g3 c5 4. Bg2 Nc6 5. d3 g6 6. O-O Bg7 7. Qe1 O-O 8. h3 b5
9. e4 dxe4 10. dxe4 Qb6 11. e5 Nd5 12. Nc3 Nxc3 13. Qxc3 b4 14. Qe1 e6 15. Be3
Rd8 16. Qf2 Bf8 17. Ng5 Bb7 18. Ne4 Nd4 19. Nf6+ Kg7 20. g4 Be7 21. Qh4 Bxf6
22. Qxf6+ Kf8 23. f5 exf5 24. Bh6+ Ke8 25. Qxb6 axb6 26. Bxb7 Rab8 27. Bg2 Nxc2
28. gxf5 gxf5 29. Bc6+ 1-0

[Event "26.ChessOrg Schachfestival"]
[Site "Bad Woerishofen"]
[Date "2010.03.11"]
[Round "6.10"]
[White "Zude, Arno"]
[Black "Haessler, Wolfgang"]
[Result "1-0"]
[WhiteElo "2450"]
[BlackElo "2258"]
[PlyCount "55"]
[EventDate "2010.??.??"]

1. e4 d5 2. exd5 Nf6 3. Nf3 Nxd5 4. d4 g6 5. c4 Nb6 6. Nc3 Bg7 7. c5 Nd5 8. Bc4
Nxc3 9. bxc3 O-O 10. O-O Nc6 11. Re1 Bg4 12. Bg5 h6 13. Bh4 g5 14. Bg3 e5 15.
h3 Bxf3 16. Qxf3 exd4 17. cxd4 Qxd4 18. Rac1 Rac8 19. Bd3 Rfe8 20. Qf5 Rxe1+
21. Rxe1 Rd8 22. Bc2 Qc3 23. Re3 Qa1+ 24. Kh2 Nd4 25. Qh7+ Kf8 26. Bxc7 Nxc2
27. Qxc2 Qd1 28. Qe4 1-0

[Event "26.ChessOrg Schachfestival"]
[Site "Bad Woerishofen"]
[Date "2010.03.12"]
[Round "7.20"]
[White "Ballon, Guenther Jan"]
[Black "Safyanowsky, Mark"]
[Result "1/2-1/2"]
[WhiteElo "2165"]
[BlackElo "2292"]
[PlyCount "71"]
[EventDate "2010.??.??"]

1. d4 d6 2. c4 e5 3. Nc3 exd4 4. Qxd4 Nc6 5. Qd1 g6 6. b3 Bg7 7. Bb2 Nge7 8. e3
O-O 9. Nf3 d5 10. Be2 Be6 11. O-O dxc4 12. Bxc4 Bxc4 13. bxc4 Qxd1 14. Nxd1
Rfd8 15. Bxg7 Kxg7 16. Nb2 Na5 17. Rfc1 c5 18. Kf1 Rd6 19. Ke2 Rad8 20. Rd1
Nec6 21. Rxd6 Rxd6 22. Rd1 Rxd1 23. Kxd1 b6 24. Kd2 Kf6 25. Kc3 Ne5 26. Nxe5
Kxe5 27. Nd3+ Kd6 28. Nf4 h5 29. h4 Nc6 30. a4 Ne7 31. Kd3 Nf5 32. g3 Ne7 33.
Ne2 Nc6 34. f4 Nb4+ 35. Kd2 f5 36. Ng1 1/2-1/2

[Event "26.ChessOrg Schachfestival"]
[Site "Bad Woerishofen"]
[Date "2010.03.12"]
[Round "7.16"]
[White "De Santis, Alessio"]
[Black "Tennstedt, Andreas Dr"]
[Result "1/2-1/2"]
[WhiteElo "2305"]
[BlackElo "2199"]
[PlyCount "77"]
[EventDate "2010.??.??"]

1. b3 d5 2. Bb2 Nf6 3. c4 c6 4. g3 Bf5 5. Bg2 e6 6. Nf3 h6 7. O-O Nbd7 8. d3
Be7 9. Nbd2 O-O 10. Re1 Bh7 11. a3 a5 12. Ra2 Ne8 13. Qa1 Bf6 14. d4 Nd6 15.
Ne5 a4 16. b4 Bxe5 17. dxe5 Nxc4 18. Nxc4 dxc4 19. Qc1 Nb6 20. Rd1 Qc7 21. Bd4
Rfd8 22. Rad2 Bg6 23. Bxb6 Qxb6 24. Qxc4 Rxd2 25. Rxd2 Rd8 26. Rd6 Rc8 27. Rxe6
Qb5 28. Qg4 h5 29. Qg5 Qxe2 30. Bf1 Qe1 31. Rd6 Re8 32. Rd8 Rxd8 33. Qxd8+ Kh7
34. Qd4 Bf5 35. Qe3 Qxe3 36. fxe3 Be4 37. Kf2 Kg6 38. Bh3 f5 39. exf6 1/2-1/2

[Event "26.ChessOrg Schachfestival"]
[Site "Bad Woerishofen"]
[Date "2010.03.12"]
[Round "7.40"]
[White "Eichner, Manfred"]
[Black "Kunz, Konstantin"]
[Result "0-1"]
[WhiteElo "2041"]
[BlackElo "2273"]
[PlyCount "111"]
[EventDate "2010.??.??"]

1. d4 Nf6 2. Nf3 e6 3. g3 b6 4. Bg2 Bb7 5. O-O c5 6. c4 cxd4 7. Qxd4 d6 8. Nc3
a6 9. Rd1 Be7 10. b3 Nbd7 11. e4 Qc7 12. Ba3 Nc5 13. e5 dxe5 14. Qxe5 Qc8 15.
Bb2 O-O 16. Rd2 Re8 17. Rad1 h6 18. h3 Bc6 19. Nd4 Bxg2 20. Kxg2 Qb7+ 21. Kh2
Rad8 22. Qe3 Rc8 23. f4 Rcd8 24. Qf3 Rxd4 25. Qxb7 Rxd2+ 26. Rxd2 Nxb7 27. Na4
b5 28. cxb5 axb5 29. Nb6 Nc5 30. a4 Nxb3 31. Rc2 bxa4 32. Nxa4 Nd5 33. Kg1 Ra8
34. Nc3 Rc8 35. Nxd5 Rxc2 36. Nxe7+ Kf8 37. Ba3 Ke8 38. f5 Rc7 39. f6 g6 40. g4
Nd2 41. Ng8 h5 42. gxh5 gxh5 43. Kg2 Nc4 44. Be7 Ne3+ 45. Kf3 Nf5 46. Bb4 Rb7
47. Bd2 Rb3+ 48. Kf4 Rxh3 49. Ke5 Rh2 50. Bb4 Rb2 51. Ba3 Ra2 52. Bb4 Ra4 53.
Bd2 h4 54. Bf4 h3 55. Bh2 Ra2 56. Bg1 0-1

[Event "26.ChessOrg Schachfestival"]
[Site "Bad Woerishofen"]
[Date "2010.03.12"]
[Round "7.11"]
[White "Espig, Lutz"]
[Black "Grafe, Wilhelm"]
[Result "1-0"]
[WhiteElo "2380"]
[BlackElo "2193"]
[PlyCount "71"]
[EventDate "2010.??.??"]

1. Nf3 Nf6 2. c4 g6 3. d4 Bg7 4. g3 O-O 5. Bg2 d6 6. O-O Nc6 7. Nc3 a6 8. Bd2
Bg4 9. d5 Bxf3 10. exf3 Nb8 11. f4 c6 12. b4 cxd5 13. cxd5 Nbd7 14. Qb3 Re8 15.
Rab1 Rc8 16. Rfc1 b5 17. a4 Qb6 18. Be3 Qb7 19. axb5 axb5 20. Bf1 e6 21. dxe6
Rxe6 22. Nxb5 Rxc1 23. Rxc1 Ng4 24. Ba7 Nge5 25. fxe5 Nxe5 26. Be2 Qe4 27. Be3
h5 28. Nd4 Re7 29. Bf1 h4 30. Bg2 Qg4 31. Nc6 Nxc6 32. Rxc6 Bd4 33. Rxd6 Bxe3
34. fxe3 Qe2 35. Rxg6+ Kh7 36. Rf6 1-0

[Event "26.ChessOrg Schachfestival"]
[Site "Bad Woerishofen"]
[Date "2010.03.12"]
[Round "7.77"]
[White "Floeren, Ernst"]
[Black "Schmitz, Tim"]
[Result "0-1"]
[WhiteElo "1753"]
[BlackElo "1945"]
[PlyCount "24"]
[EventDate "2010.??.??"]

1. e4 e5 2. Bc4 Nf6 3. d3 c6 4. Nf3 d5 5. exd5 cxd5 6. Bb3 Nc6 7. h3 Bc5 8. c3
O-O 9. O-O Qd6 10. Bg5 Nd7 11. Bh4 e4 12. Bg3 Qxg3 0-1

[Event "26.ChessOrg Schachfestival"]
[Site "Bad Woerishofen"]
[Date "2010.03.12"]
[Round "7.44"]
[White "Guenther, Thomas"]
[Black "Urban, Rudolf"]
[Result "1-0"]
[WhiteElo "2104"]
[BlackElo "1979"]
[PlyCount "31"]
[EventDate "2010.??.??"]

1. d4 d6 2. c4 e5 3. Nf3 e4 4. Ng5 Nf6 5. Nc3 Bf5 6. h4 h6 7. Nh3 Nc6 8. g3 Be7
9. Bg2 Qd7 10. Nf4 O-O-O 11. Nfd5 Rhe8 12. Qa4 Kb8 13. Be3 g5 14. hxg5 hxg5 15.
Nb5 Rc8 16. Nxe7 1-0

[Event "26.ChessOrg Schachfestival"]
[Site "Bad Woerishofen"]
[Date "2010.03.12"]
[Round "7.26"]
[White "Gutman, Lev"]
[Black "Doell, Detlef"]
[Result "1-0"]
[WhiteElo "2454"]
[BlackElo "2129"]
[PlyCount "65"]
[EventDate "2010.??.??"]

1. Nf3 Nf6 2. g3 g6 3. Bg2 Bg7 4. O-O O-O 5. d4 d6 6. c4 Nc6 7. h3 a6 8. Be3
Rb8 9. Qc1 Re8 10. Rd1 Bd7 11. d5 Ne5 12. Nxe5 dxe5 13. Nd2 Qc8 14. Kh2 e6 15.
Nb3 b6 16. Bh6 Bh8 17. Qg5 a5 18. Qh4 exd5 19. cxd5 Bb5 20. Rac1 a4 21. Nd2
Bxe2 22. Re1 Bb5 23. Bg5 Nd7 24. Ne4 f5 25. Nc3 Ba6 26. d6 Nc5 27. Bd5+ Ne6 28.
Qxa4 b5 29. Qa5 c5 30. d7 Qxd7 31. Qxa6 b4 32. Bxe6+ Rxe6 33. Qa4 1-0

[Event "26.ChessOrg Schachfestival"]
[Site "Bad Woerishofen"]
[Date "2010.03.12"]
[Round "7.56"]
[White "Haessler, Wolfgang"]
[Black "Dobierzin, Olaf"]
[Result "1-0"]
[WhiteElo "2258"]
[BlackElo "2136"]
[PlyCount "87"]
[EventDate "2010.??.??"]

1. d4 Nf6 2. Bf4 g6 3. e3 Bg7 4. Nf3 d6 5. Be2 O-O 6. O-O Nbd7 7. h3 Re8 8. Bh2
c6 9. c4 c5 10. Nc3 a6 11. Qc2 e5 12. dxc5 dxc5 13. Rfd1 Qe7 14. Ng5 h6 15.
Nge4 Nb6 16. Qb3 Nxe4 17. Nxe4 Qc7 18. Rd6 Bf5 19. Nf6+ Bxf6 20. Rxb6 Bc2 21.
Rxb7 Qc8 22. Bg4 Bxb3 23. Bxc8 Bxc4 24. Bd7 Re7 25. b3 Rd8 26. Bc6 Rxb7 27.
Bxb7 Be2 28. Be4 Rd2 29. Bg3 Bg7 30. f3 f5 31. Be1 Rd6 32. Bb7 e4 33. Rc1 exf3
34. gxf3 Rd7 35. Bc6 Rd1 36. Rxd1 Bxd1 37. Bb7 Be2 38. Kf2 Bd3 39. Ba5 c4 40.
Bxa6 cxb3 41. Bxd3 bxa2 42. Bc4+ Kf8 43. Bxa2 Bf6 44. Bb4+ 1-0

[Event "26.ChessOrg Schachfestival"]
[Site "Bad Woerishofen"]
[Date "2010.03.12"]
[Round "7.69"]
[White "Helbig, Dieter"]
[Black "Dierich, Jochen"]
[Result "1-0"]
[WhiteElo "1842"]
[BlackElo "1988"]
[PlyCount "25"]
[EventDate "2010.??.??"]

1. c4 g6 2. Nc3 Bg7 3. g3 e5 4. Bg2 Ne7 5. e3 c6 6. Nge2 d5 7. cxd5 cxd5 8. d4
Be6 9. O-O e4 10. b3 f5 11. Ba3 a6 12. Rc1 O-O 13. Nf4 1-0

[Event "26.ChessOrg Schachfestival"]
[Site "Bad Woerishofen"]
[Date "2010.03.12"]
[Round "7.49"]
[White "Lamberger, Werner"]
[Black "Fenske, Wolfgang"]
[Result "1-0"]
[WhiteElo "2064"]
[BlackElo "1947"]
[PlyCount "65"]
[EventDate "2010.??.??"]

1. Nf3 Nf6 2. d4 g6 3. Nc3 d5 4. Bf4 c6 5. Qd2 Bg7 6. Bh6 O-O 7. Bxg7 Kxg7 8.
h4 h5 9. Ng5 Bf5 10. f3 Nbd7 11. O-O-O Re8 12. g4 hxg4 13. e4 dxe4 14. fxe4
Nxe4 15. Ngxe4 Rh8 16. Ng3 e6 17. h5 Rh6 18. Bc4 Nb6 19. hxg6 Rxg6 20. Bb3 Qg5
21. Nh5+ Kg8 22. Nf4 Rh6 23. Nce2 Rd8 24. Qe3 a5 25. a3 Nd7 26. Kb1 b5 27. Ng3
Nf8 28. Rxh6 Qxh6 29. Rh1 Qg7 30. Nfh5 Qxd4 31. Nxf5 exf5 32. Qg5+ Ng6 33.
Qxg6+ 1-0

[Event "26.ChessOrg Schachfestival"]
[Site "Bad Woerishofen"]
[Date "2010.03.12"]
[Round "7.89"]
[White "Lang, Thomas"]
[Black "Lang, Ludwig"]
[Result "1-0"]
[WhiteElo "1843"]
[BlackElo "1464"]
[PlyCount "63"]
[EventDate "2010.??.??"]

1. e4 d5 2. exd5 Qxd5 3. Nc3 Qa5 4. Nf3 c6 5. Be2 e6 6. O-O Nf6 7. d4 h6 8. Ne5
Qc7 9. Qd3 Bd6 10. Bf4 Bxe5 11. Bxe5 Qe7 12. Qg3 Nbd7 13. Qxg7 Qf8 14. Bxf6 Rg8
15. Qxf8+ Rxf8 16. Bg7 Rg8 17. Bxh6 Nf6 18. Bf3 Bd7 19. Bf4 O-O-O 20. Bg3 Rde8
21. Rfe1 Nh7 22. Ne4 Ref8 23. Nd6+ Kc7 24. Nxf7+ Kc8 25. Ne5 Ng5 26. Re3 Nxf3+
27. Rxf3 Rxf3 28. Nxf3 b5 29. a4 Kb7 30. axb5 cxb5 31. Ne5 Be8 32. Re1 1-0

[Event "26.ChessOrg Schachfestival"]
[Site "Bad Woerishofen"]
[Date "2010.03.12"]
[Round "7.35"]
[White "Machowitsch, Wolf"]
[Black "Thieme-Garmann, Alexander"]
[Result "0-1"]
[WhiteElo "1987"]
[BlackElo "2145"]
[PlyCount "58"]
[EventDate "2010.??.??"]

1. d4 Nf6 2. g3 d6 3. Bg2 g6 4. Nf3 Bg7 5. O-O O-O 6. c4 Nbd7 7. Nc3 e5 8. dxe5
dxe5 9. Qc2 c6 10. b3 Re8 11. Bb2 Qa5 12. Rfd1 Nf8 13. a3 e4 14. Nd4 e3 15. f4
Qh5 16. Ne4 Nxe4 17. Bxe4 Rxe4 18. Qxe4 c5 19. Qxe3 cxd4 20. Bxd4 Bxd4 21. Rxd4
Bd7 22. Qf2 Re8 23. Ra2 Bc6 24. b4 Qf5 25. Rad2 Qb1+ 26. Qf1 Qb3 27. b5 Be4 28.
Qc1 Qe3+ 29. Kf1 Bf5 0-1

[Event "26.ChessOrg Schachfestival"]
[Site "Bad Woerishofen"]
[Date "2010.03.12"]
[Round "7.3"]
[White "Mainka, Romuald"]
[Black "Abergel, Thal"]
[Result "0-1"]
[WhiteElo "2510"]
[BlackElo "2547"]
[PlyCount "76"]
[EventDate "2010.??.??"]

1. e4 c5 2. Nf3 d6 3. Bb5+ Nd7 4. c3 Ngf6 5. Qe2 a6 6. Ba4 e5 7. O-O Be7 8. d4
b5 9. Bc2 O-O 10. a4 Rb8 11. Rd1 Qb6 12. axb5 axb5 13. b4 exd4 14. cxd4 cxb4
15. e5 dxe5 16. dxe5 Ng4 17. h3 Ngxe5 18. Nxe5 Nxe5 19. Qxe5 Bf6 20. Qe4 Bf5
21. Qxf5 g6 22. Qf4 Bxa1 23. Bb3 Qf6 24. Qxb4 Kg7 25. Be3 Rfd8 26. Rxd8 Rxd8
27. Na3 Bd4 28. Nc2 Bxe3 29. Nxe3 Qa1+ 30. Kh2 Qe5+ 31. g3 Qb2 32. Qe7 Qxf2+
33. Ng2 Rd2 34. Qe5+ Kh6 35. Bd5 f6 36. Qe7 Rxd5 37. Qf8+ Kg5 38. Qg8 Rd2 0-1

[Event "26.ChessOrg Schachfestival"]
[Site "Bad Woerishofen"]
[Date "2010.03.12"]
[Round "7.53"]
[White "Makryniotis, Konstantinos"]
[Black "Schmitzer, Peter"]
[Result "0-1"]
[WhiteElo "1912"]
[BlackElo "2069"]
[PlyCount "79"]
[EventDate "2010.??.??"]

1. d4 Nf6 2. c4 e5 3. dxe5 Ng4 4. e3 Nxe5 5. Nc3 Bb4 6. Bd2 O-O 7. a3 Be7 8. f4
Ng6 9. Nf3 Re8 10. Qc2 Bc5 11. Ne4 Qe7 12. Nxc5 Qxc5 13. O-O-O d6 14. Bd3 a5
15. Rde1 Nc6 16. h3 Bd7 17. Ng5 Nb4 18. axb4 axb4 19. Qb3 Ra1+ 20. Bb1 h6 21.
Bxb4 Qa7 22. Nf3 c5 23. Ba3 d5 24. Kd2 Ba4 25. Qc3 Rxb1 26. Rxb1 d4 27. exd4
cxd4 28. Qxd4 Qa5+ 29. Qc3 Rd8+ 30. Ke1 Qf5 31. Kf2 Nxf4 32. Rbe1 Nd3+ 33. Kf1
Nxe1 34. Kxe1 Rd1+ 35. Kf2 Rxh1 36. b3 Bc6 37. Bb2 f6 38. b4 Bxf3 39. Qxf3
Qxf3+ 40. Kxf3 0-1

[Event "26.ChessOrg Schachfestival"]
[Site "Bad Woerishofen"]
[Date "2010.03.12"]
[Round "7.17"]
[White "Meier, Volker"]
[Black "Schatz, Christian"]
[Result "1-0"]
[WhiteElo "2304"]
[BlackElo "2186"]
[PlyCount "99"]
[EventDate "2010.??.??"]

1. e4 Nf6 2. e5 Nd5 3. c4 Nb6 4. d4 d6 5. exd6 exd6 6. Nc3 Be7 7. Be3 O-O 8.
Qf3 Bg5 9. Nh3 Bxe3 10. fxe3 Re8 11. O-O-O Nc6 12. Bd3 Qe7 13. Rhe1 Nb4 14. Bb1
c6 15. a3 Na6 16. b3 Nc7 17. Kb2 a5 18. a4 Nd7 19. Nf4 Nf6 20. h3 Ne6 21. e4
Nxf4 22. Qxf4 Nh5 23. Qf3 g6 24. e5 dxe5 25. Rxe5 Qf8 26. Rxe8 Qxe8 27. g4 Ng7
28. Ne4 Qe7 29. Nf6+ Kh8 30. Qf2 Nf5 31. g5 h5 32. Re1 Be6 33. Bxf5 gxf5 34. d5
cxd5 35. cxd5 Qb4 36. dxe6 Rd8 37. Nd7 fxe6 38. Rd1 Qe7 39. Qd4+ e5 40. Qd6 Qg7
41. Qh6+ Qxh6 42. gxh6 e4 43. Rd5 e3 44. Kc2 f4 45. Nf6 Rf8 46. Rf5 Rc8+ 47.
Kd1 Rd8+ 48. Ke1 Rd3 49. Rg5 Rd8 50. h7 1-0

[Event "26.ChessOrg Schachfestival"]
[Site "Bad Woerishofen"]
[Date "2010.03.12"]
[Round "7.4"]
[White "Nyzhnyk, Illya"]
[Black "Zude, Arno"]
[Result "0-1"]
[WhiteElo "2544"]
[BlackElo "2450"]
[PlyCount "88"]
[EventDate "2010.??.??"]

1. d4 Nf6 2. c4 e6 3. Nf3 Bb4+ 4. Nbd2 b6 5. g3 Bb7 6. Bg2 O-O 7. O-O Qc8 8.
Qc2 Bxd2 9. Bxd2 Be4 10. Qc3 d6 11. Rad1 Nbd7 12. Rfe1 Re8 13. Bf4 a5 14. Bh3
Qa6 15. Nd2 Bb7 16. e4 e5 17. Be3 Rad8 18. d5 Bc8 19. f3 h6 20. b3 Nf8 21. Bf1
Qb7 22. a3 Bd7 23. b4 axb4 24. axb4 c5 25. dxc6 Qxc6 26. Qd3 Qb7 27. Nb1 Ba4
28. Rc1 b5 29. Qa3 Ra8 30. Nc3 Bd1 31. Qb2 Bxf3 32. Nxb5 Nxe4 33. Bd3 Re6 34.
Rf1 Ng5 35. h4 Be4 36. Be2 Nf3+ 37. Bxf3 Bxf3 38. Qd2 Rd8 39. Ra1 Rg6 40. Kh2
Qe4 41. Bb6 Rd7 42. Rac1 Qg4 43. Bf2 Ne6 44. Be1 Be2 0-1

[Event "26.ChessOrg Schachfestival"]
[Site "Bad Woerishofen"]
[Date "2010.03.12"]
[Round "7.8"]
[White "Pierecker, Markus"]
[Black "Karpatchev, Alexandr"]
[Result "0-1"]
[WhiteElo "2258"]
[BlackElo "2483"]
[PlyCount "122"]
[EventDate "2010.??.??"]

1. Nf3 d5 2. d4 Nf6 3. c4 dxc4 4. e3 a6 5. Bxc4 b5 6. Bb3 Bb7 7. O-O e6 8. a4
b4 9. Nbd2 c5 10. Nc4 Nbd7 11. Nce5 Nxe5 12. Nxe5 Bd6 13. Bc4 O-O 14. b3 Qc7
15. Bb2 Rad8 16. Qe2 a5 17. Rac1 Qb8 18. f4 cxd4 19. exd4 g6 20. Rcd1 Nd5 21.
Qd3 Nxf4 22. Qe3 Nxg2 23. Qf2 f6 24. Bxe6+ Kg7 25. d5 Bxe5 26. Kxg2 Bxb2 27.
Qxb2 Rd6 28. Kg1 Qa7+ 29. Qf2 Qxf2+ 30. Rxf2 Bc8 31. Re1 Re8 32. Rfe2 Bxe6 33.
dxe6 Rd3 34. Rc1 Re7 35. Rc5 Rxb3 36. Rxa5 f5 37. Rb5 Kf6 38. Rb6 Ra3 39. Rxb4
Rxe6 40. Rxe6+ Kxe6 41. Rb7 h5 42. Rb6+ Kf7 43. Ra6 h4 44. a5 Ra1+ 45. Kg2 Ra2+
46. Kg1 h3 47. Rb6 g5 48. a6 g4 49. Rb7+ Kf6 50. a7 Kg5 51. Kf1 Kg6 52. Kg1 f4
53. Kf1 g3 54. hxg3 fxg3 55. Rb6+ Kf5 56. Rb5+ Ke6 57. Rb6+ Ke5 58. Rb5+ Kd6
59. Rg5 Ra1+ 60. Ke2 h2 61. Rh5 g2 0-1

[Event "26.ChessOrg Schachfestival"]
[Site "Bad Woerishofen"]
[Date "2010.03.12"]
[Round "7.9"]
[White "Pirrot, Dieter"]
[Black "Szablowski, Pawel"]
[Result "1-0"]
[WhiteElo "2414"]
[BlackElo "2298"]
[PlyCount "80"]
[EventDate "2010.??.??"]

1. e4 c6 2. d4 d5 3. f3 e6 4. Nc3 Bb4 5. a3 Bxc3+ 6. bxc3 dxe4 7. Qe2 c5 8. Bb2
Qa5 9. O-O-O exf3 10. Nxf3 Nf6 11. d5 O-O 12. d6 Rd8 13. c4 Nc6 14. Qe3 Ne8 15.
Bd3 f6 16. Qe4 f5 17. Qh4 Rxd6 18. Ng5 e5 19. Qh5 Be6 20. Bxf5 Rxd1+ 21. Rxd1
Bxc4 22. Be6+ Bxe6 23. Qxh7+ Kf8 24. Nxe6+ Kf7 25. Ng5+ Kf6 26. Ne4+ Ke7 27.
Qh4+ Ke6 28. Qg4+ Kf7 29. Ng5+ Kg8 30. Qe6+ Kh8 31. Qh3+ Kg8 32. Qh7+ Kf8 33.
Rf1+ Ke7 34. Qf5 Kd6 35. Qf7 Nd4 36. c3 Ne2+ 37. Kc2 Kc6 38. Qf3+ Kb6 39. Qxe2
Rd8 40. Kb1 Nd6 1-0

[Event "26.ChessOrg Schachfestival"]
[Site "Bad Woerishofen"]
[Date "2010.03.12"]
[Round "7.6"]
[White "Rozentalis, Eduardas"]
[Black "Welling, Gerard"]
[Result "1/2-1/2"]
[WhiteElo "2628"]
[BlackElo "2344"]
[PlyCount "110"]
[EventDate "2010.??.??"]

1. e4 c6 2. d4 d5 3. Nc3 dxe4 4. Nxe4 Nf6 5. Nxf6+ gxf6 6. Be2 Bf5 7. Bf3 e6 8.
Ne2 h5 9. Ng3 Bg6 10. h4 Nd7 11. c3 Qa5 12. b4 Qc7 13. O-O Bd6 14. Ne4 Bxe4 15.
Bxe4 f5 16. Bf3 Nf6 17. Bg5 Ng4 18. Re1 Be7 19. Qd2 O-O-O 20. Bxe7 Qxe7 21. g3
Qd6 22. Bxg4 hxg4 23. Qe3 Rh5 24. Qe5 Qxe5 25. Rxe5 Rd5 26. Rae1 Kd7 27. Kg2
Ke7 28. f3 gxf3+ 29. Kxf3 Rxe5 30. dxe5 f6 31. exf6+ Kxf6 32. Rd1 Ke7 33. c4
Rh8 34. c5 Rg8 35. a3 Rg4 36. h5 Rg7 37. Rd4 Rh7 38. g4 Kf6 39. Rd8 Rg7 40.
gxf5 exf5 41. h6 Re7 42. Kf4 Re4+ 43. Kg3 Kg6 44. Rd7 Kxh6 45. Rxb7 a5 46. bxa5
Ra4 47. a6 Rxa6 48. Kf4 Rxa3 49. Rc7 Kg6 50. Rxc6+ Kf7 51. Kxf5 Ke7 52. Rd6 Rc3
53. Rd5 Rc1 54. Ke4 Re1+ 55. Kf4 Ke6 1/2-1/2

[Event "26.ChessOrg Schachfestival"]
[Site "Bad Woerishofen"]
[Date "2010.03.12"]
[Round "7.2"]
[White "Rusev, Krasimir"]
[Black "Luther, Thomas"]
[Result "1-0"]
[WhiteElo "2543"]
[BlackElo "2559"]
[PlyCount "45"]
[EventDate "2010.??.??"]

1. d4 e6 2. c4 Nf6 3. Nf3 d5 4. Nc3 Bb4 5. Qb3 c5 6. cxd5 exd5 7. dxc5 Nc6 8.
Bg5 O-O 9. a3 Bxc5 10. e3 d4 11. Rd1 Qe8 12. Bxf6 dxe3 13. Bd4 exf2+ 14. Kxf2
Nxd4 15. Nxd4 Bg4 16. Be2 Rd8 17. Bxg4 Rxd4 18. Rxd4 Bxd4+ 19. Kf1 Qc6 20. Qc2
Rd8 21. g3 b6 22. Qe2 Qh6 23. Nd5 1-0

[Event "26.ChessOrg Schachfestival"]
[Site "Bad Woerishofen"]
[Date "2010.03.12"]
[Round "7.14"]
[White "Schaefer, Michael"]
[Black "Buecker, Stefan"]
[Result "1-0"]
[WhiteElo "2193"]
[BlackElo "2355"]
[PlyCount "79"]
[EventDate "2010.??.??"]

1. d4 d6 2. e4 Nf6 3. Nc3 g6 4. Nf3 Bg7 5. h3 O-O 6. Be3 c6 7. Qd2 Qc7 8. a4
Rd8 9. Rd1 a6 10. Ra1 c5 11. Be2 cxd4 12. Qxd4 Nbd7 13. Qc4 Qc6 14. O-O Nc5 15.
e5 Be6 16. Qh4 dxe5 17. Nxe5 Qc7 18. Nf3 Bf5 19. Nd4 Bc8 20. a5 e5 21. Nb3 Nxb3
22. cxb3 Qc6 23. Bf3 Qe6 24. Rfd1 Rd7 25. Na4 Rxd1+ 26. Rxd1 Qe7 27. Bc5 Qe8
28. Nb6 Rb8 29. Bd6 Bf5 30. Bxb8 Qxb8 31. Nd5 Nxd5 32. Rxd5 f6 33. Bg4 Bb1 34.
Be6+ Kh8 35. Qc4 Bf8 36. Qc8 Qxc8 37. Bxc8 Bb4 38. Bxb7 Kg7 39. Bxa6 Be4 40.
Rb5 1-0